| 000 | 01289nam a2200265 a 4500 | ||
|---|---|---|---|
| 001 | 000043231 | ||
| 005 | 20250129073605.0 | ||
| 008 | 140226s2013 dr ac 000 0 spa d | ||
| 020 | _a9789945009538 | ||
| 040 |
_aDO-SdBNP _bspa _cBNPHU |
||
| 082 |
_a923.17293 _bC118M |
||
| 100 | 1 |
_aMartínez, Rufino _938668 |
|
| 245 | 1 | 0 |
_aRamón Cáceres : _bbreve antología biográfica / _cRufino Martínez, Juan Daniel Balcácer, Pedro Troncoso Sánchez ; presentación Carlos Amarante Baret. |
| 260 |
_aSanto Domingo : _bMinisterio de Educación, _c2013. |
||
| 300 |
_a97 p. : _bil., retrs. ; _c22 cm. |
||
| 505 | 0 |
_gPresentación / _rCarlos Amarante Baret -- _tCáceres, Ramón (A) Mon Cáceres / _rRufino Martínez _tRamón Cáceres y su gestión gubernativa / _rJuan Daniel Balcácer _tRamón Cáceres y el reordenamiento político y militar / _rPedro Troncoso Sánchez. |
|
| 600 | 1 | 4 |
_aCÁCERES, RAMÓN, _d1866-1911 _9196 |
| 650 | 4 |
_aPresidentes _xRepública dominicana _xBiografías _970820 |
|
| 651 | 0 |
_aRepública Dominicana -- _xHistoria -- _y1844-1930 _91009 |
|
| 700 | 1 | 2 |
_aBalcácer, Juan Daniel, _d1949- _96566 |
| 700 | 1 | 2 |
_aTroncoso Sánchez, Pedro, _d1904-1989 _923599 |
| 700 | 1 | 2 |
_aAmarante Baret, Carlos, _d1960- _epresent. _964730 |
| 910 | _aValidado. Control de calidad EMS | ||
| 049 | _aBNPD | ||
| 999 |
_c42720 _d42720 |
||